| 000 -LEADER |
| fixed length control field |
00679nam a2200181 a 4500 |
| 020 ## - INTERNATIONAL STANDARD BOOK NUMBER |
| ISBN |
2709913879 |
| 040 ## - CATALOGING SOURCE |
| Transcribing agency |
DLC |
| 082 00 - DEWEY DECIMAL CLASSIFICATION NUMBER |
| Classification number |
630 EDI 1998 A048 Or. |
| 245 03 - TITLE STATEMENT |
| Title |
La Conduite du champ cultivé : |
| Remainder of title |
points de vue d'agronomes / |
| 260 ## - PUBLICATION, DISTRIBUTION, ETC. (IMPRINT) |
| Place of publication |
Paris : |
| Name of publisher |
Editions de l'Orstom, Institut français de recherche scientifique pour le développement en coopération, |
| Year of publication |
1998. |
| 300 ## - PHYSICAL DESCRIPTION |
| Number of Pages |
339 p. : |
| Other physical details |
ill., maps ; |
| Dimensions |
24 cm. |
| 490 1# - SERIES STATEMENT |
| Series statement |
Collection Colloques et séminaires, |
| 500 ## - GENERAL NOTE |
| General note |
Papers from a meeting held in Montpellier, September 1994, and organized by ORSTOM. |
| 650 #0 - SUBJECT ADDED ENTRY--TOPICAL TERM |
| Topical Term |
Agronomy |
| 700 1# - ADDED ENTRY--PERSONAL NAME |
| Personal name |
Biarnès, Anne. |
| 710 2# - ADDED ENTRY--CORPORATE NAME |
| Corporate name or jurisdiction name as entry element |
O.R.S.T.O.M. (Agency : France) |
| 942 ## - ADDED ENTRY ELEMENTS (KOHA) |
| Koha item type |
សៀវភៅភាសាបារាំង |
| 952 ## - LOCATION AND ITEM INFORMATION (KOHA) |
| Withdrawn status [LOCAL, KOHA] |
0 |